DRUG DESIGN (Record no. 94041)

MARC details
000 -LEADER
fixed length control field 00314nam a2200133Ia 4500
008 - FIXED-LENGTH DATA ELEMENTS--GENERAL INFORMATION
fixed length control field 220916s9999 xx 000 0 und d
020 ## - INTERNATIONAL STANDARD BOOK NUMBER
International Standard Book Number 9788125601050
100 ## - MAIN ENTRY--PERSONAL NAME
Personal name MAHAPATRA, D. KAR
245 #0 - TITLE STATEMENT
Title DRUG DESIGN
260 ## - PUBLICATION, DISTRIBUTION, ETC.
Name of publisher, distributor, etc. TARA PUBLISHERS, DELHI
Date of publication, distribution, etc. 2021
300 ## - PHYSICAL DESCRIPTION
Extent 288
650 ## - SUBJECT ADDED ENTRY--TOPICAL TERM
Topical term or geographic name entry element Pharmaceutics
942 ## - ADDED ENTRY ELEMENTS (KOHA)
Koha item type Book
Holdings
Withdrawn status Lost status Damaged status Not for loan Home library Current library Shelving location Date acquired Cost, normal purchase price Total Checkouts Barcode Date last seen Price effective from Koha item type
        Mewar University Central Library Mewar University Central Library College of Pharmacy 30/03/2022 220.00   CPH2544 16/09/2022 30/03/2022 Book